000 00429cam a2200169ua 4500
041 _aeng
_h
082 _a823.308
_bKOR/BL
100 _aKorolenko, Vladimir .
245 _aBlind musician /
_cVladimir Korolenko.
_hTextual Documents
250 _a1 /
_b.
260 _aMoscow :
_bForeign Language Publishing House ,
_c1954.
300 _a226 ; .
504 _a
942 _cBK
999 _c6978
_d6978